|
|
|
|
| LEADER |
00000nam0a2200000 4500 |
| 001 |
193052 |
| 005 |
20231101224447.0 |
| 010 |
|
|
|a 9785276018072
|
| 035 |
|
|
|a (RuTPU)RU\TPU\book\210489
|
| 090 |
|
|
|a 193052
|
| 100 |
|
|
|a 20110314d2010 m y0rusy50 ca
|
| 101 |
0 |
|
|a rus
|
| 102 |
|
|
|a RU
|
| 105 |
|
|
|a y j 001zy
|
| 200 |
1 |
|
|a Технологические основы контактной сварки
|e учебное пособие
|f Б. В. Копаев [и др.]
|g Московский государственный индустриальный университет (МГИУ)
|
| 210 |
|
|
|a Москва
|c Изд-во МГИУ
|d 2010
|
| 215 |
|
|
|a 212 с.
|c ил.
|
| 320 |
|
|
|a Библиогр.: с. 197.
|
| 330 |
|
|
|a Изложены основные процессы формирования сварных соединений при точечной, шовной, рельефной и стыковой контактной сварке. Рассмотрены параметры режимов и циклограмм способов контактной сварки и их влияние на качество сварного соединения. Представлены дефекты сварных соединений контактной сварки, их причины появления и способы устранения. Даны схемы технологических процессов изготовления сварных изделий контактной сваркой. Разработан лабораторный практикум по контактной сварке. Учебное пособие предназначено для студентов, обучающихся по направлению 651400 (150200) «Машиностроительные технологии и оборудование» специальности 150202(120500) «Оборудование и технология сварочного производства».
|
| 606 |
1 |
|
|a Электросварка контактная
|x Автоматизация
|2 stltpush
|3 (RuTPU)RU\TPU\subj\20801
|9 45877
|
| 610 |
1 |
|
|a сварка
|
| 610 |
1 |
|
|a точечная сварка
|
| 610 |
1 |
|
|a шовная сварка
|
| 610 |
1 |
|
|a рельефная сварка
|
| 610 |
1 |
|
|a стыковая сварка
|
| 610 |
1 |
|
|a сварные соединения
|
| 610 |
1 |
|
|a технологии
|
| 610 |
1 |
|
|a классификации
|
| 610 |
1 |
|
|a циклограммы
|
| 610 |
1 |
|
|a технологические процессы
|
| 610 |
1 |
|
|a сварные изделия
|
| 610 |
1 |
|
|a контактная стыковая сварка
|
| 610 |
1 |
|
|a дефекты
|
| 610 |
1 |
|
|a параметры
|
| 610 |
1 |
|
|a учебные пособия
|
| 610 |
1 |
|
|a расчет
|
| 675 |
|
|
|a 621.791.76(075.8)
|v 3
|
| 701 |
|
1 |
|a Копаев
|b Б. В.
|g Борис Валентинович
|
| 701 |
|
1 |
|a Андреева
|b Л. П.
|g Людмила Павловна
|
| 701 |
|
1 |
|a Шашин
|b Д. М.
|g Дмитрий Михайлович
|
| 701 |
|
1 |
|a Исаев
|b А. П.
|g Анатолий Петрович
|
| 712 |
0 |
2 |
|a Московский государственный индустриальный университет (МГИУ)
|2 stltpush
|3 (RuTPU)RU\TPU\col\11073
|
| 801 |
|
1 |
|a RU
|b 63413507
|c 20110314
|
| 801 |
|
2 |
|a RU
|b 63413507
|c 20141021
|g RCR
|
| 900 |
|
|
|a Технология сварочного производства
|
| 942 |
|
|
|c BK
|
| 951 |
|
|
|b 150700
|b 150202
|
| 959 |
|
|
|a 30/20110311
|d 1
|e 0
|f ЧЗТЛ:1
|